000 00588nam a2200181Ia 4500
003 GCL
008 140319s9999 xx 000 0 ara d
040 _aGCL /
_cGCL
082 0 4 _aق
_b355.02962
_bع ح
100 1 _aعبدالمنعم خليل
245 1 0 _aحروب مصر المعاصرة فى اوراق قائد ميدانى /
_cعبدالمنعم خليل
260 _aالقاهرة :
_bدار المستقبل العربى ،
_c1990
300 _a190 ص
490 _a
650 0 4 _aالنزاع العربى الاسرائيلى
650 0 4 _aالحرب
942 _2ddc
_cBK
999 _c52477
_d52477